La jurisprudencia dominicana : años 1938 a 1960 / recopilada Pablo Antonio Machado (Registro nro. 195379)

000 -LEADER
fixed length control field 00782cam a2200265 a 4500
001 - CONTROL NUMBER
control field 195379
003 - CONTROL NUMBER IDENTIFIER
control field OSt
005 - DATE AND TIME OF LATEST TRANSACTION
control field 20180921
008 - FIXED-LENGTH DATA ELEMENTS--GENERAL INFORMATION
fixed length control field 0000001990 dr 0000000000spa00
040 ## - CATALOGING SOURCE
Original cataloging agency DLC
Transcribing agency DLC
245 ## - TÍTULO PROPIAMENTE DICHO: SUBTÍTULO
Title La jurisprudencia dominicana : años 1938 a 1960
Statement of responsibility, etc. recopilada Pablo Antonio Machado
250 ## - MENCIÓN DE EDICIÓN
Edition statement 2
260 ## - PUBLICATION, DISTRIBUTION, ETC.
Place of publication, distribution, etc. Santo Domingo :
Name of publisher, distributor, etc. [s. n.
300 ## - PHYSICAL DESCRIPTION
Extensión v.
504 ## - BIBLIOGRAPHY, ETC. NOTE
Bibliography, etc. note Incluye índice
650 ## - ASIENTO SECUNDARIO DE MATERIA -- TERMINO TEMÁTICO
Termino Temático Como Elemento de Entrada Jurisprudencia
700 ## - ASIENTO SECUNDARIO -- NOMBRE PERSONAL
Personal name Machado, Pablo Antonio, recop
942 ## - ADDED ENTRY ELEMENTS (KOHA)
Source of classification or shelving scheme
Koha item type Libros
Existencias
Withdrawn status Lost status Source of classification or shelving scheme Damaged status Not for loan Permanent Location Current Location Date acquired Full call number Koha item type
          Biblioteca Central. Universidad Central del Este Biblioteca Central. Universidad Central del Este 2018-08-17 RD 348.044 J95d 1990 Libros